[Event "Moscow-chW 2019"]
[Site "Moscow"]
[Date "2019.03.30"]
[Round "1.21"]
[White "Davydova, Kira"]
[Black "Petrova, Elizaveta"]
[Result "1-0"]
[WhiteElo "1901"]
[BlackElo "1570"]
[Annotator "NA RC"]
[PlyCount "165"]
[EventDate "2019.03.30"]
[EventType "swiss"]
[EventCountry "RUS"]
[SourceTitle "playchess.com"]
[Source "ChessBase"]
[SourceQuality "1"]
[TimeControl "5400+30"]

1. d4 Nf6 2. Nf3 e6 3. e3 Be7 4. Bd3 d5 5. Nbd2 O-O 6. b3 Nbd7 7. Bb2 c5 8. O-O b6 9. Ne5 Bb7 10. Qf3 Qc7 11. Qh3 cxd4 12. exd4 g6 13. Rac1 Ne4 14. Ndf3 Nxe5 15. Nxe5 Bf6 16. Ng4 Bg7 17. Qe3 Nd6 18. Qf4 Rac8 19. Nf6+ Bxf6 20. Qxf6 Ne8 21. Qh4 Ng7 22. Rfe1 Qd8 23. Qg4 Nf5 24. Re5 Qd7 25. Rce1 Rfe8 26. Qe2 Ng7 27. Re3 Qd6 28. Rh3 Qf4 29. Rf3 Qd6 30. Qd2 a5 31. Rh3 Nh5 32. Qh6 Nf6 33. Rf3 Qe7 34. Bc1 Ne4 35. Rh3 f5 36. f3 Nd6 37. Rxe6 Qc7 38. Rxg6+ Kh8 39. Rxd6 Re1+ 40. Kf2 Rxc1 41. Qf6+ Qg7 42. Rd8+ Rxd8 43. Qxd8+ Qg8 44. Qxb6 Qg5 45. Be2 Rxc2 46. Qxb7 Rxe2+ 47. Kxe2 Qxg2+ 48. Ke3 f4+ 49. Kxf4 Qxh3 50. Qb8+ Kg7 51. Qe5+ Kg8 52. Qxd5+ Kg7 53. Qg5+ Kh8 54. Qd8+ Kg7 55. Qe7+ Kg8 56. Qg5+ Kh8 57. Qe5+ Kg8 58. Ke3 Qh6+ 59. Kd3 Qa6+ 60. Kd2 Qh6+ 61. Ke2 Qa6+ 62. Kf2 Qa7 63. Qc5 Qb8 64. Qd5+ Kf8 65. Qf5+ Kg8 66. Qe6+ Kf8 67. Qf6+ Kg8 68. Qg5+ Kf8 69. Kg2 a4 70. b4 Qe8 71. Qf5+ Kg8 72. Qe4 Qf7 73. d5 Qc7 74. Qe6+ Kf8 75. d6 Qc2+ 76. Kg3 h5 77. h4 a3 78. d7 Qc7+ 79. Kh3 Kg7 80. Qe7+ Kg6 81. d8=Q Qc1 82. Qdd6+ Kf5 83. Qe4# 1-0

[Event "Moscow-chW 2019"]
[Site "Moscow"]
[Date "2019.03.30"]
[Round "1.22"]
[White "Zaytseva, Dariya"]
[Black "Zakharova, Evgenia"]
[Result "0-1"]
[WhiteElo "1350"]
[BlackElo "1892"]
[Annotator "NA RC"]
[PlyCount "114"]
[EventDate "2019.03.30"]
[EventType "swiss"]
[EventCountry "RUS"]
[SourceTitle "playchess.com"]
[Source "ChessBase"]
[SourceQuality "1"]
[TimeControl "5400+30"]

1. d4 d5 2. c4 dxc4 3. e4 e5 4. Nf3 exd4 5. Bxc4 Bb4+ 6. Nbd2 Nc6 7. a3 Be7 8. Nb3 d3 9. Qxd3 Qxd3 10. Bxd3 Bg4 11. Be2 Nf6 12. Nbd2 h6 13. b4 O-O 14. Bb2 Rfe8 15. h3 Bh5 16. O-O Rad8 17. Rfd1 Bf8 18. Bxf6 gxf6 19. Rac1 Bd6 20. g4 Bg6 21. Rc4 Bf4 22. b5 Ne5 23. Nxe5 Rxe5 24. Nf3 Rxd1+ 25. Bxd1 Rxb5 26. Kg2 Rb2 27. Rc2 Rb1 28. Be2 Bxe4 29. Rc4 Bxf3+ 30. Bxf3 Bd6 31. a4 c6 32. Rd4 Be7 33. Rd7 Kf8 34. Rd4 Rb4 35. Rxb4 Bxb4 36. Be2 Ke7 37. Kf3 a6 38. Ke4 b5 39. axb5 axb5 40. f4 Bd2 41. f5 Kd6 42. Bd3 Kc5 43. Bb1 Kb4 44. Ba2 c5 45. Kd3 Be1 46. Kc2 c4 47. Kb2 Bc3+ 48. Kc2 Be5 49. Kc1 Kc3 50. Bb1 Bf4+ 51. Kd1 Kb2 52. Bc2 b4 53. Be4 c3 54. Bd3 b3 55. Be4 c2+ 56. Bxc2 bxc2+ 57. Ke2 c1=Q 0-1

[Event "Moscow-chW 2019"]
[Site "Moscow"]
[Date "2019.03.31"]
[Round "2.1"]
[White "Kanevskaya, Anna"]
[Black "Charochkina, Daria"]
[Result "1/2-1/2"]
[WhiteElo "2136"]
[BlackElo "2330"]
[Annotator "TA"]
[PlyCount "106"]
[EventDate "2019.03.30"]
[EventType "swiss"]
[EventCountry "RUS"]
[SourceTitle "playchess.com"]
[Source "ChessBase"]
[SourceQuality "1"]

{[%evp 16,106,29,33,71,70,75,76,77,70,74,80,75,30,48,38,45,26,52,18,47,52,72,31,35,8,10,-12,-6,-16,5,10,12,6,5,17,46,0,0,0,0,0,-1,0,62,59,58,60,64,57,49,57,51,63,82,64,77,77,75,47,45,34,27,31,52,31,34,0,14,28,27,-2,0,-58,-37,-220,-215,-253,-253,-297,-295,-258,-157,-258,-227,-193,0,0,0,-183,0,0,0]} 1. d4 Nf6 2. Nf3 e6 3. g3 d5 4. c4 c6 5. Bg2 Nbd7 6. Nbd2 Bd6 7. O-O O-O 8. Qc2 Re8 9. Rd1 {LiveBook: 122 Games} Nf8 {E01: Catalan: Early deviations} (9... Qe7 10. e4 Nxe4 11. Nxe4 dxe4 12. Qxe4 e5 13. Bg5 Qf8 14. dxe5 Nxe5 15. Nxe5 Rxe5 16. Qd4 Rxg5 17. Qxd6 Qxd6 18. Rxd6 Be6 19. Rc1 Rc5 20. b3 Kf8 21. f4 {½-½ (48) Dubov,D (2660)-Smirnov,P (2595) Khanty-Mansiysk 2016}) 10. e4 dxe4 11. Nxe4 Nxe4 {White is better.} 12. Qxe4 Bd7 13. Ne5 $146 ({Predecessor:} 13. Be3 Ng6 14. h4 f5 15. Qd3 f4 16. h5 fxe3 17. hxg6 exf2+ 18. Kxf2 hxg6 19. Qxg6 {½-½ (52) Landgraf,S (2166)-Mellenthin,H (2086) Dresden 2005}) 13... f6 14. Nd3 {[%cal Be5d3,Bd3e1,Be1f3][%mdl 32]} Qe7 15. Be3 e5 16. dxe5 fxe5 17. Ne1 Be6 18. Nf3 Bf7 19. Nh4 Bc7 20. Qg4 Be6 21. Qe4 Qf7 22. b3 h6 23. Qf3 Qxf3 24. Bxf3 g5 25. Ng2 $36 {[%mdl 2048] Black is under pressure.} Bf5 26. Bd2 e4 27. Bh5 Bg6 28. Bg4 h5 29. Be2 e3 (29... Ne6 $11) 30. Bxe3 $14 Be5 $1 31. Rac1 Bb2 32. Rb1 $1 {[%cal Rb1b2]} Bxb1 33. Rxb1 Bf6 34. Bxh5 Red8 35. h4 gxh4 36. Nxh4 Ne6 37. Nf5 Nd4 38. Nh6+ Kg7 39. Ng4 Bg5 40. f4 Be7 41. Ne5 Nf5 42. Bf2 Rd2 43. a4 Rh8 44. Bf3 (44. g4 $11) 44... Nd4 {Strongly threatening ...Bc5.} 45. Be4 $2 {[#]} (45. Bg2 $15) 45... Bc5 $1 $19 {Hoping for ...Ne2+.} 46. Rf1 Nxb3 47. Bxc5 Nxc5 48. Bg2 Nxa4 49. f5 (49. Ra1 $17 Nc5 50. Rxa7) 49... Kf6 50. Ng4+ Kg5 51. Ne5 {[#] And now Nf3+ would win.} Kf6 52. Ng4+ Kg5 $2 (52... Ke7 $19 {Threatens to win with ...Rg8.} 53. Ne5 Rg8 54. f6+ Kf8) 53. Ne5 $11 {aiming for Nf3+.} Kf6 {Precision: White = 47%, Black = 63%.} 1/2-1/2

[Event "Moscow-chW 2019"]
[Site "Moscow"]
[Date "2019.03.31"]
[Round "2.2"]
[White "Mirzoeva, Elmira"]
[Black "Gorovenko, Darya"]
[Result "1/2-1/2"]
[WhiteElo "2272"]
[BlackElo "2134"]
[Annotator "TA"]
[PlyCount "111"]
[EventDate "2019.03.30"]
[EventType "swiss"]
[EventCountry "RUS"]
[SourceTitle "playchess.com"]
[Source "ChessBase"]
[SourceQuality "1"]

{[%evp 16,111,62,46,45,46,66,39,35,35,71,33,59,13,16,6,10,16,53,35,39,31,60,36,40,40,20,0,113,111,158,168,246,241,246,254,242,240,232,227,250,267,268,260,330,330,353,358,331,335,364,25,33,21,21,15,49,49,49,49,49,35,131,49,113,33,70,33,23,0,204,0,0,0,0,0,0,0,0,0,0,0,80,0,0,0,0,0,0,0,0,0,0,0,0,0,0,0]} 1. c4 Nf6 2. Nc3 g6 3. e4 d6 4. d4 Bg7 5. Be2 O-O 6. Be3 Nbd7 7. Nf3 e5 8. O-O c6 9. Qd2 {LiveBook: 15 Games} a6 {E94: King's Indian: Classical: 6 Be2 e5 7 0-0: Various Black 7th moves} (9... Ng4 10. Bg5 f6 11. Bh4 h5 12. Bg3 Nh6 13. Rad1 g5 14. h3 h4 15. Bh2 Nf7 16. c5 dxc5 17. d5 {0-1 (66) Konaplev,A (2337)-Jojua,D (2601) Batumi 2018}) 10. Rad1 Qe7 $146 ({Predecessor:} 10... Qc7 11. b4 Ng4 12. Bg5 f6 13. Bh4 b5 14. h3 Nh6 {1-0 (24) Gudat,A (2047)-Schimmelpfennig,H (1768) Sparow 2002}) 11. Rfe1 exd4 {White is slightly better.} 12. Bxd4 Ne5 13. h3 b5 14. c5 {Black must now prevent cxd6.} Nxf3+ 15. Bxf3 {[%cal Be2f3,Bf3c6,Bc6d7][%mdl 32] Threatens to win with cxd6.} dxc5 16. Bxf6 Qxf6 17. e5 Qe6 18. Qe3 b4 19. Na4 Qxa2 20. Bxc6 Rb8 $1 21. Qxc5 Bb7 (21... Be6 $11) 22. Bd7 $1 $36 {[%mdl 2048] White has strong initiative.} Bc8 {...Bxd7 is the strong threat.} 23. Ra1 $1 {[%cal Ra1a2]} Qb3 (23... Qxa1 $142 24. Rxa1 Bxd7) 24. Re3 $18 Qxe3 25. Qxe3 ({Weaker is} 25. fxe3 Bxd7 26. Nb6 Be6 $14) 25... Bxd7 26. Nc5 Bb5 27. f4 {[%cal Bf2f4,Bf4f5][%mdl 32]} ({Don't take} 27. Nxa6 $6 Ra8 $16) 27... Rfc8 28. Kh2 Rc6 29. Ne4 Bf8 {[#]} 30. f5 $1 {[%mdl 512]} Bg7 (30... gxf5 31. Nf6+) 31. f6 Bf8 32. Rd1 Re8 33. Ng5 $2 (33. Qa7 $18 Rcc8 34. Nd6 Bxd6 35. exd6) 33... Rxf6 $1 $11 34. Qd4 Rf5 $1 {[%cal Rf5g5]} 35. Ne4 {And now Nf6+ would win.} Bg7 36. Nf6+ Bxf6 $1 37. exf6 h6 38. Rc1 {[%mdl 1024] White has compensation.} Rg5 (38... g5 $14) 39. h4 (39. Qxb4 $16 Rge5 40. Rc7) 39... Rge5 {[#]} (39... Rf5 $14) 40. Rc7 ({Don't play} 40. Qxb4 $6 Re4 $11) (40. Rc8 $1 $16 {[%mdl 512]}) 40... R5e6 41. Rb7 Re4 42. Qa7 Bc4 $2 {[#]} (42... Rxh4+ $11 {and Black is okay.} 43. Kg3 Rh5) 43. Rxb4 $2 (43. Re7 $1 $18 {[%cal Re7e4] Strongly threatening Rxe4.} Re2 44. b3 R8xe7 45. fxe7) 43... Rxh4+ 44. Kg3 Rhe4 45. Kh2 Rh4+ 46. Kg3 Rhe4 47. Rb8 Bb5 48. Rb7 Bc4 (48... R4e5 $11) 49. Rb8 ({White should play} 49. b3 $16 Re3+ 50. Kh2 Rxb3 51. Rxb3 Bxb3 52. Qxa6) 49... Bb5 {The position is equal.} 50. b3 Rxb8 51. Qxb8+ {KQ-KRB} Re8 52. Qc7 Re6 53. Qd8+ Re8 54. Qc7 Re6 55. Qd8+ Re8 56. Qc7 {Precision: White = 49%, Black = 56%.} 1/2-1/2

[Event "Moscow-chW 2019"]
[Site "Moscow"]
[Date "2019.03.31"]
[Round "2.3"]
[White "Kirchei, Viktoriia"]
[Black "Gvanceladze, Anna"]
[Result "1/2-1/2"]
[WhiteElo "2086"]
[BlackElo "2261"]
[Annotator "TA"]
[PlyCount "149"]
[EventDate "2019.03.30"]
[EventType "swiss"]
[EventCountry "RUS"]
[SourceTitle "playchess.com"]
[Source "ChessBase"]
[SourceQuality "1"]

{[%evp 13,149,13,37,17,19,-53,-39,-96,-37,-89,-11,-38,-11,-123,0,-21,13,13,15,8,17,11,27,4,17,0,0,0,0,0,0,0,0,0,-10,-32,-32,-32,0,0,0,0,0,0,0,-22,-20,-21,-22,-26,-26,-28,-9,-20,0,0,0,0,0,-11,-11,-31,-16,-26,0,0,0,0,0,0,0,-18,-8,-8,0,0,87,87,83,14,265,263,340,340,980,980,980,980,980,972,900,807,618,549,275,234,141,14,14,14,14,14,14,14,14,14,18,0,0,0,0,0,0,0,0,0,0,0,0,0,0,0,0,0,0,0,33,0,0,0,0,0,0,0,0,0,0,0]} 1. e4 c6 2. d4 d5 3. Nc3 dxe4 4. Nxe4 Nf6 5. Nxf6+ exf6 6. Bc4 Bd6 7. Qe2+ Be7 8. Be3 {B15: Caro-Kann: 3 Nc3: 3...g6 and 3...dxe4 4 Nxe4 Nf6 5 Nxf6+ exf6} O-O (8... Na6 9. Nf3 O-O 10. O-O Nc7 11. Bb3 Nd5 12. Rfe1 Be6 13. c4 Nxe3 14. Qxe3 Bb4 15. Red1 Re8 {0-1 (96) Jones,G (2682)-Howell,D (2696) London 2018}) 9. O-O-O (9. c3 $11) 9... b5 $15 10. Bb3 (10. Bd3 $15) 10... Qc7 $146 (10... a5 $1 $17 {[%cal Ra5a4]} 11. c3 a4) ({Predecessor:} 10... a5 11. c4 a4 12. Bc2 bxc4 13. Qxc4 Be6 14. Qd3 g6 15. a3 Nd7 {0-1 (34) Player,E (2227)-Houska,J (2386) Douglas 2016}) 11. d5 ({White should try} 11. Qf3 $15) 11... a6 (11... a5 $1 $17 {[%cal Ra5a4] Hoping for ...a4.} 12. c3 a4) 12. Qf3 Bd6 13. h4 (13. dxc6 $1 $11 Nxc6 14. Kb1) 13... Bb7 (13... c5 $1 $17 {[%cal Rc5c4]} 14. c3 Nd7) 14. h5 Nd7 (14... cxd5 $5 {[%cal Rd5d4]} 15. h6 d4 $11) 15. h6 {And now hxg7 would win.} g6 16. dxc6 $1 Bxc6 17. Bd5 Rfc8 $1 ({Wrong is} 17... Bxd5 $2 18. Qxd5 Rac8 19. c3 $18) 18. Bxc6 Qxc6 19. Qxc6 Rxc6 20. Nf3 Ne5 21. Nd4 Rcc8 $1 22. Nxb5 axb5 23. Rxd6 Nc4 24. Rhd1 Nxd6 25. Rxd6 Rxa2 {[%mdl 4096] Endgame KRR-KRB} 26. Rb6 $1 Ra1+ (26... Ra5 {seems wilder.} 27. c3 b4 28. Rxb4 Rh5 29. Kc2 g5) 27. Kd2 Rh1 28. Rxb5 g5 29. Rb6 Rxh6 30. Bxg5 Rg6 31. Bxf6 Rxg2 32. Bd4 Rg6 33. Rb5 h6 34. b4 Rd6 35. c3 Kh7 36. Re5 Kg6 37. Ke3 f6 38. Re7 h5 39. b5 h4 40. Kf3 Rd5 41. b6 h3 {Strongly threatening ...Rh8.} 42. Re1 Rg5 43. Rh1 $1 Rh8 44. Be3 $1 {[%cal Re3g5]} Rgh5 (44... Rb5 $11 {remains equal.}) 45. c4 $16 {[%mdl 1024] White has strong compensation.} Kf7 46. c5 (46. Bf4 $1 $16 {Black must now prevent b7.} Rf5 47. b7) 46... Ke6 $2 {[%mdl 8192]} (46... Rf5+ $1 $11 47. Ke4 Re5+ 48. Kd3 Ke6) 47. b7 $1 $18 Kd5 {aiming for ...R5h7.} 48. Bf4 Re5 $2 (48... Ke6 49. b8=Q Rxb8) 49. Bxe5 fxe5 {[#] KR-KR} 50. Kg3 $1 {[%cal Rg3h2]} Kc6 51. Rxh3 Rg8+ 52. Kf3 Rf8+ 53. Ke3 Kxb7 54. Rh5 e4 {[#]} 55. Re5 ({Don't play} 55. Kxe4 $6 Rxf2 56. Rh6 Rf1 $11) ({White has to play} 55. Rh4 $1 $16) 55... Rf3+ $11 56. Ke2 Rf4 $1 57. Re6 Kc7 58. Rd6 (58. Kf1 {looks sharper.} Kd7 59. Rd6+ Kc8 60. Ke1 Rf5 61. Rd4) 58... Kb7 59. Rg6 Kc7 60. Rg3 Kc6 61. Ke3 Rf5 62. Rg2 Kd5 63. Rg4 Rf3+ 64. Ke2 Rf6 65. Rg5+ Kc6 66. Rh5 Rf4 67. Re5 Kd7 68. Rg5 (68. Ke3 {with more complications.} Rf3+ 69. Kxe4 Rxf2 70. Ke3 Rf6 71. Ke2) 68... Kc6 69. Rh5 Rf6 70. Rh3 Kxc5 {The position is equal.} 71. Ke3 Kd5 72. Rh5+ Kd6 73. Ra5 {Threatens to win with Ra6+.} Rf3+ 74. Ke2 Ke6 75. Rh5 {Accuracy: White = 44%, Black = 54%.} 1/2-1/2

[Event "Moscow-chW 2019"]
[Site "Moscow"]
[Date "2019.03.31"]
[Round "2.4"]
[White "Fominykh, Maria"]
[Black "Afanasieva, Alexandra"]
[Result "0-1"]
[WhiteElo "2259"]
[BlackElo "2093"]
[Annotator "TA"]
[PlyCount "126"]
[EventDate "2019.03.30"]
[EventType "swiss"]
[EventCountry "RUS"]
[SourceTitle "playchess.com"]
[Source "ChessBase"]
[SourceQuality "1"]

{[%evp 19,126,-50,-46,-57,-64,-62,-77,-124,-123,-149,-77,-72,-20,-23,-20,-56,-43,-54,-40,-54,-71,-105,-93,-105,-101,-108,-100,-116,-103,-97,-90,-92,-93,-112,-112,-198,-189,-171,-172,-232,-226,-293,-300,-401,-427,-410,-260,-295,-268,-520,-537,-613,-617,-781,-416,-418,-418,-383,-204,-300,-292,-281,-262,-246,-208,-266,-264,-337,-248,-250,-236,-238,-210,-335,-187,-170,0,-77,-60,-61,-39,-89,-26,-69,-70,-70,-71,-225,-215,-298,-250,-1369,-1342,-1153,-1096,-1068,-1089,-5197,-2165,-1281,-5750,-3797,-2143,-1695,-1020,-6144,-5535,-29989,-29990]} 1. Nf3 d5 2. d4 Nf6 3. c4 e6 4. g3 dxc4 5. Qa4+ Nbd7 6. Bg2 a6 7. Qxc4 b5 8. Qc2 Bb7 9. O-O c5 10. dxc5 Bxc5 11. a4 {E03: Open Catalan: 5 Qa4+ Nbd7 6 Qxc4} (11. Nc3 Rc8 12. Qd3 Nb6 13. Qxd8+ Rxd8 14. Ne5 Bxg2 15. Kxg2 Nfd7 16. Nd3 Bd4 17. Ne4 Ne5 18. Nf4 Nbc4 19. Rb1 {½-½ (61) Olafsson,H (2549)-Meister,J (2437) Berlin 2015}) 11... O-O 12. Bg5 Rc8 13. Qb3 {Black is better.} Qb6 14. Nc3 b4 (14... Ng4 $142 $1 {Threatens to win with ...h6.} 15. axb5 h6) 15. a5 $17 Qa7 $146 (15... Qc7 $17 16. Bf4 Qd8) ({Predecessor:} 15... Qc7 16. Na4 Bd5 17. Qd3 Be4 18. Qd1 Be7 {1-0 (41) Siddharth,J (1981)-Jelcic,M (2191) Innsbruck 2018}) 16. Na4 $11 Bd5 17. Qd1 Be7 18. Be3 Qb7 19. Nb6 Nxb6 $1 20. Bxb6 Nd7 21. Bd4 Nc5 22. Bxc5 Bxc5 23. Ne1 Bxg2 $1 24. Nxg2 Rfd8 25. Qb3 Rd2 26. e3 Rcd8 27. Qc4 (27. Rad1 $17) 27... Be7 $36 {[%mdl 2048] White is under strong pressure.} 28. b3 Rc8 29. Qg4 (29. Qf4 $142) 29... Qd5 30. Nf4 Qxb3 31. Rac1 Rxc1 32. Rxc1 Rd8 33. Kg2 Bf8 34. Nh5 $2 (34. Qh5 {keeps fighting.}) 34... Qd5+ 35. e4 Qxa5 36. Rc6 Qa1 37. Qf3 Qe5 38. Rxa6 {[#]} Rd4 (38... b3 $142 $1 {[%mdl 512]} 39. Ra7 (39. Qxb3 Qxh5) 39... b2) 39. Ra8 (39. Nf4 {might work better.}) 39... Qxe4 ({Resist} 39... Rxe4 40. Nf4 $17) 40. Qxe4 Rxe4 {[%mdl 4096] Endgame KRB-KRN} 41. Rb8 Rc4 42. h4 e5 43. Kf3 Rc6 44. g4 g6 45. Ng3 Kg7 46. Rb7 (46. Ne4 {was called for.}) 46... Rf6+ (46... Bc5 $142 {Hoping for ...Rb6.} 47. Ne2 Rf6+ 48. Ke4 Bxf2 49. Rxb4 Bxh4) 47. Ke2 Rc6 $2 (47... Rf4 $19 48. f3 h5 $1 {[%mdl 512]} 49. gxh5 Rxh4 50. hxg6 Kxg6) 48. Ne4 (48. Kf3 $1 $11 {remains equal.}) 48... h6 49. g5 h5 50. Kd3 Re6 (50... Rc8 $17 51. Nf6 Bc5) 51. Nf6 Rxf6 52. gxf6+ Kxf6 $15 {KR-KB} 53. Ke4 $2 {[#]} (53. f3 $17) 53... Ke6 $1 $19 54. Rb6+ Bd6 55. f3 $2 (55. Rb5) 55... f5+ 56. Kd3 Kd5 57. Rb7 e4+ 58. fxe4+ fxe4+ 59. Ke3 Bc5+ 60. Kf4 e3 61. Kf3 Kc4 62. Rg7 b3 63. Rxg6 {[#]} e2 $1 {[%mdl 512] Accuracy: White = 31%, Black = 59%.} 0-1

[Event "Moscow-chW 2019"]
[Site "Moscow"]
[Date "2019.03.31"]
[Round "2.5"]
[White "Miroshnik, Ekaterina"]
[Black "Borisova, Ekaterina"]
[Result "1/2-1/2"]
[WhiteElo "2039"]
[BlackElo "2255"]
[Annotator "TA"]
[PlyCount "87"]
[EventDate "2019.03.30"]
[EventType "swiss"]
[EventCountry "RUS"]
[SourceTitle "playchess.com"]
[Source "ChessBase"]
[SourceQuality "1"]

{[%evp 13,87,15,26,17,25,15,20,15,30,11,77,29,43,35,58,18,24,27,48,52,55,18,44,5,3,8,24,20,35,27,23,26,30,33,77,74,80,75,73,60,68,44,158,151,138,141,147,160,150,153,134,133,144,56,112,112,117,116,116,116,250,186,343,231,350,95,319,125,129,114,108,49,282,85,206,98]} 1. d4 d5 2. c4 c6 3. e3 Nf6 4. Nf3 e6 5. Bd3 Nbd7 6. O-O dxc4 7. Bxc4 b5 8. Be2 {D30: Queen's Gambit Declined: Systems without Nc3} (8. Bd3 Bb7 9. e4 a6 10. a4 Be7 11. Bg5 h6 12. Bh4 Nh5 13. Bxe7 Qxe7 14. Re1 O-O 15. Nbd2 Rad8 16. Bf1 e5 17. axb5 cxb5 {½-½ (39) Ponomariov,R (2726)-Korobov,A (2678) Kiev 2012}) 8... Bb7 9. b3 a6 10. Bb2 {The position is equal.} Bd6 11. Nbd2 Qe7 $146 (11... O-O $11) ({Predecessor:} 11... c5 12. a4 b4 13. Nc4 Bc7 14. Nfe5 cxd4 15. Nxd7 Qxd7 16. Bxd4 {1-0 (35) Moradiabadi,E (2526)-Nolte,R (2479) Subic Bay 2009}) 12. a4 O-O 13. Ne5 Rfd8 14. Qc2 Rac8 15. Bf3 Nd5 16. Nxd7 Rxd7 17. Ne4 c5 {[#] And now ...cxd4 would win.} 18. dxc5 (18. Rfc1 {is more complex.} Nb4 19. Qe2 Bxe4 20. Bxe4 bxa4 21. Rxa4 Qd8 22. g3) 18... Bxc5 {Hoping for ...Nxe3!} 19. Qe2 b4 20. Rac1 Bb6 21. Rxc8+ Bxc8 22. Rc1 Bb7 23. Nd2 $36 {[%cal Be4d2,Bd2c4,Bc4b6][%mdl 2080] White has good play.} f6 24. Nc4 {Black must now prevent Bxd5.} Bc5 25. h4 Qd8 26. Qc2 Bf8 27. Rd1 Ne7 (27... f5 $14) 28. Rxd7 $16 Qxd7 {[#]} 29. Nb6 $1 {[%cal Rb6d7]} Qd8 {Threatens to win with ...Bxf3.} 30. Bxb7 Qxb6 31. Be4 f5 32. Bd4 Qd6 33. Bc5 (33. Bb7 $16) 33... Qc7 ({Black should try} 33... Qe5 $14) 34. Bxb4 Qb8 35. Bxe7 Bxe7 36. Bd3 Qd8 (36... a5 $16 37. Bc4 Qe5) 37. Bc4 Qe8 $2 (37... Qc8 38. g3 Qc6) 38. Qd3 (38. Bxa6 Bxh4 39. Bc4 g6 $18) 38... Kf7 (38... Qc6 {is a better defense.} 39. g3 (39. Bxa6 Qd6 $18) 39... Bb4 40. Bxa6 Qc1+ 41. Kg2 Qd2) 39. f4 $2 ({Much less strong is} 39. Bxa6 Qd8 $18) (39. Qxf5+ $18 Bf6 40. Qh5+ Ke7 41. Qxh7) 39... Qc8 $2 (39... g6 $16) 40. h5 $2 (40. Qxf5+ $1 $18 Bf6 41. Qxh7) 40... g6 41. hxg6+ hxg6 42. Kf2 (42. Bxa6 $16 Qc1+ 43. Kf2) 42... g5 $2 ({Better is} 42... a5 $14) 43. g3 $2 ({Resist} 43. Bxa6 $6 Qh8 $16) (43. Qxf5+ $1 $18 {is the precise move to win.} Kg7 44. Bxe6) 43... gxf4 (43... Kg6 $16 {keeps fighting.}) 44. gxf4 {Accuracy: White = 32%, Black = 25%.} (44. Qxf5+ $1 $18 Bf6 45. gxf4) 1/2-1/2

[Event "Moscow-chW 2019"]
[Site "Moscow"]
[Date "2019.03.31"]
[Round "2.6"]
[White "Diakonova, Ekaterina"]
[Black "Kasaeva, Sofiia"]
[Result "1-0"]
[WhiteElo "2214"]
[BlackElo "1960"]
[Annotator "TA"]
[PlyCount "107"]
[EventDate "2019.03.30"]
[EventType "swiss"]
[EventCountry "RUS"]
[SourceTitle "playchess.com"]
[Source "ChessBase"]
[SourceQuality "1"]

{[%evp 13,107,66,71,60,56,54,76,63,70,49,52,40,50,45,45,46,42,47,47,37,81,61,166,39,89,87,120,-68,-22,-47,-54,-48,-57,-50,27,27,47,0,0,-93,-70,-77,-53,-44,68,70,100,-81,-65,-43,-22,-39,-17,-25,18,-39,-31,-18,-24,-20,54,-185,55,68,163,137,148,145,264,248,243,235,304,274,324,276,343,323,418,400,484,459,605,633,703,693,804,804,1681,1641,29991,29992,29992,29993,29993,970]} 1. e4 c5 2. Nf3 e6 3. c4 Qc7 4. Nc3 a6 5. Be2 d6 6. d4 cxd4 7. Nxd4 Nf6 8. Be3 {B41: Sicilian: Kan Variation: 5 c4} Nbd7 9. O-O Be7 10. Rc1 {White is better.} b6 11. f3 Bb7 12. b4 O-O 13. a3 Rac8 (13... Rfc8 14. Qd2 Qd8 15. Rfd1 Rab8 16. Kh1 {½-½ (44) Xiong,J (2634)-Gordievsky,D (2622) Wijk aan Zee 2018}) 14. Qe1 Rfe8 15. Qf2 Qb8 16. g4 Ne5 $146 17. Na4 d5 ({Better is} 17... Nfd7 $14) 18. Nxb6 (18. exd5 $1 $18 b5 19. Nb6 (19. cxb5 axb5 20. Bxb5 Nxd5 $16) 19... Nxc4 20. Nxc8 (20. Nxc4 Nxd5 21. Na5 Qe5 $16) 20... Qxc8 21. dxe6) 18... dxe4 $14 19. Nxc8 Rxc8 20. f4 $2 ({White has to play} 20. Qg3 $1 $16) 20... Nexg4 21. Bxg4 Nxg4 22. Qe2 Nxe3 23. Qxe3 Bf6 (23... a5 $15) 24. Nb3 $11 e5 25. f5 h6 26. Rc2 (26. Qe2 $1 $11) 26... Bg5 $36 {[%mdl 3072] Black has strong compensation. Black is pushing.} 27. Qe2 Qd6 28. Rd1 Be3+ (28... Qf6 $1 $15) 29. Kf1 $1 $14 Bd4 $1 {[#]} 30. Na5 $2 {[#]} (30. Qe3 $3 $16 {[%mdl 512] stays on course.}) 30... Ba8 $1 $17 31. c5 Qf6 32. Qg4 Bd5 {Strongly threatening ...Be6.} 33. Nc4 e3 34. Ke2 (34. Nxe3 $1 $11 Bb3 35. Rd3 Bxc2 36. Nxc2) 34... h5 35. Qxh5 {Threatens to win with Rg1.} Be4 {[%mdl 64] Double Attack} 36. Rcc1 $1 {Nd6 is the strong threat.} Bxf5 ({Much weaker is} 36... Qxf5 $6 37. Qxf5 Bxf5 38. Rg1 $16 (38. Nxe3 Be6 $16)) (36... g6 $11 37. Qh3 Bxf5) 37. Nxe3 $2 {[#]} (37. Rf1 $1 $14 {was the only good move.} Bg6 38. Qg4) 37... Bxe3 $2 (37... Bd7 $1 $19 {[%cal Rd7b5]} 38. Rd3 Bb5) 38. Kxe3 $14 Bg6 (38... g6 $14 39. Qh6 Bg4) 39. Qg4 $18 Bf5 40. Qg3 Qe6 (40... Qh6+ $16 41. Ke2 Bd7) 41. Rd2 Qh6+ 42. Ke2 Qc6 43. Kf2 Qf6 44. Kg1 Qh6 45. Rcd1 e4 46. Rd6 Qh5 47. R1d5 g6 48. c6 Kh7 49. Rc5 Qe2 50. c7 {Intending Rxf5! and mate.} Qb2 {[#]} 51. Rxf5 $1 {[%mdl 512]} gxf5 52. Qh4+ {White mates.} Kg8 53. Rd8+ {[%mdl 64] Double Attack} Kg7 54. Qh8+ {Accuracy: White = 42%, Black = 38%.} 1-0